Вып. 3 : Сборник работ лабораторий института; Труды Института чистых химических реактивов; Об удельном весе углеводородов, содержащих триметиленовое кольцо, и о некоторых других физических константах алициклических соединений; Дезинсекция синильной кислотой; К вопросу об определении серной кислоты в присутствии алюминия; О получении треххлористого и трехбромистого фосфора из красного фосфора
| Parent link: | Труды Института чистых химических реактивов/ СССР, Высший совет народного хозяйства (ВСНХ), Научно-технический отдел ; Научно-исследовательский институт химических реактивов. Вып. 3 : Сборник работ лабораторий института.— , 1924- |
|---|---|
| Language: | Russian German |
| Published: |
1924
|
| TOC: | А. Успенский, Об удельном весе углеводородов, содержащих триметиленовое кольцо, и о некоторых других физических константах алициклических соединений; И. Куликов, Дезинсекция синильной кислотой; В. Аедоницкий, К вопросу об определении серной кислоты в присутствии алюминия; В. Рекшинский, О получении треххлористого и трехбромистого фосфора из красного фосфора; |
| Series: | Труды Научно-технического отдела ВСНХ № 46 |
| Subjects: | |
| Format: | Book |
| KOHA link: | https://koha.lib.tpu.ru/cgi-bin/koha/opac-detail.pl?biblionumber=351075 |
MARC
| LEADER | 00000nam2a2200000 4500 | ||
|---|---|---|---|
| 001 | 351075 | ||
| 005 | 20231102010352.0 | ||
| 035 | |a (RuTPU)RU\TPU\retro\5507 | ||
| 035 | |a RU\TPU\retro\5491 | ||
| 090 | |a 351075 | ||
| 100 | |a 20190321d1924 k y0rusy50 ca | ||
| 101 | 0 | |a rus |a ger | |
| 102 | |a RU | ||
| 105 | |a a z 000zy | ||
| 200 | 0 | |a Вып. 3 : Сборник работ лабораторий института | |
| 210 | |d 1924 | ||
| 215 | |a 51 с. |c ил. | ||
| 225 | 1 | |a Труды Научно-технического отдела ВСНХ |v № 46 | |
| 320 | |a Библиогр. в конце ст. | ||
| 461 | 1 | |0 (RuTPU)RU\TPU\retro\5491 |t Труды Института чистых химических реактивов |f СССР, Высший совет народного хозяйства (ВСНХ), Научно-технический отдел ; Научно-исследовательский институт химических реактивов |v Вып. 3 : Сборник работ лабораторий института |d 1924- | |
| 464 | |t Об удельном весе углеводородов, содержащих триметиленовое кольцо, и о некоторых других физических константах алициклических соединений |f А. Успенский | ||
| 464 | |t Дезинсекция синильной кислотой |f И. Куликов | ||
| 464 | |t К вопросу об определении серной кислоты в присутствии алюминия |f В. Аедоницкий | ||
| 464 | |t О получении треххлористого и трехбромистого фосфора из красного фосфора |f В. Рекшинский | ||
| 606 | 1 | |a Химические реактивы, чистые |x Химический анализ |2 stltpush |3 (RuTPU)RU\TPU\subj\73373 |9 86405 | |
| 610 | 1 | |a углеводороды | |
| 610 | 1 | |a дезинсекция | |
| 610 | 1 | |a серная кислота | |
| 610 | 1 | |a фосфор | |
| 675 | |a 543-4 |v 4 | ||
| 801 | 1 | |a RU |b 63413507 |c 20170328 | |
| 801 | 2 | |a RU |b 63413507 |c 20190321 |g RCR | |
| 942 | |c BK | ||